Missing Consonants Quiz Stats

 Plays Quiz Updated Jan 31, 2020

Support Sporcle.
Go Orange.
Score 0/16 Timer 08:00
0 Plays Today
Hint Answer % Correct
Month of the yearNovember
96.7%
Leg boneFemur
81.8%
Sign of the ZodiacTaurus
68.3%
US state capitalHonolulu
63.9%
Superman villainLex Luthor
58.2%
Branch of mathematicsTrigonometry
57.9%
Greek Olympian godApollo
46.3%
Space shuttleChallenger
46.1%
Hint Answer % Correct
Disney animated filmPinocchio
44.8%
Roald Dahl bookMatilda
44.4%
Nuclear Weapon CountryUnited Kingdom
43.8%
Country of OceaniaTuvalu
43.6%
Knight of the Round TableGalahad
41.2%
UEFA Champions League winnerReal Madrid
35.6%
U.S. federal holidayChristmas
34.2%
Monopoly property (U.S. or U.K.)Water Works
18.9%

From the Vault

Presidential Birthplace Click-a-thon

by sproutcm

History 3m
Basically, the older the state, the more likely a President was born there.
Remove Ads.
Support Sporcle.
Get the best of Sporcle when you Go Orange. This ad-free experience offers more features, more stats, and more fun while also helping to support Sporcle. Thank you for becoming a member.

Show Comments

Extras

Top Quizzes Today


Score Distribution

Your Account Isn't Verified!

In order to create a playlist on Sporcle, you need to verify the email address you used during registration. Go to your Sporcle Settings to finish the process.

Report this User

Report this user for behavior that violates our Community Guidelines.

Details: